000 00429nam a22001337a 4500
008 230619b xxu||||| |||| 00| 0 eng d
082 _a016.32
_bUNE
100 _cJ.Symonides and V.Volodin
245 _aAccess to Human Rights Documentation
_bDocumentation, Bibiliographies and Data Bases on Human Rights
_cSecond Edition
_hUpadated and revised
260 _bUNESCO
_c1994
300 _a200p
700 _cS.Rivet
942 _2ddc
_cBK
999 _c1154
_d1154